| 000 | 00744nam a2200277 u 4500 | ||
|---|---|---|---|
| 001 | 034609 | ||
| 003 | DO-SdBNP | ||
| 005 | 20180205144407.0 | ||
| 007 | 034609 | ||
| 008 | 111010s1991 ec a 000 0 spa d | ||
| 020 | _a9978801200 | ||
| 040 |
_aBNPHU _bspa _cBNPHU |
||
| 092 |
_axxxx _bxxxx |
||
| 100 | 1 |
_aShakespeare, William, _d1564-1616 |
|
| 245 | 1 | 0 |
_aLa tragedia de Romeo y Julieta / _cWilliam Shakespeare |
| 260 |
_aQuito, Ecuador : _cLibresa, _c1991 |
||
| 300 |
_a54 p. : _bil. ; _c21 cm. |
||
| 490 | _aClásicos de siempre | ||
| 700 | 1 |
_a _e |
|
| 700 | 1 |
_a _e |
|
| 700 | 1 |
_a _e |
|
| 830 | _aClásicos de siempre | ||
| 942 |
_2ddc _cBK |
||
| 945 | _aInventariado, 2018/ YL | ||
| 956 |
_aVMATEO _b10 _c20160531 _lBPMSU _h00069 |
||
| 999 |
_c10239 _d10239 |
||